| 000 | 00581nam a2200169 u 4500 | ||
|---|---|---|---|
| 001 | 000003059 | ||
| 003 | DO-SdBNP | ||
| 005 | 20210518093906.0 | ||
| 008 | 090706s2003 dr r 000 0 spa d | ||
| 020 | _a9993403784 | ||
| 020 | _a9789993403784 | ||
| 040 |
_aDO-SdBNP _bspa _cBNPHU |
||
| 245 | 0 | 0 |
_aRecopilación jurisprudencial integrada de las decisiones de la Suprema Corte de Justicia de la República Dominicana : _bmateria y tierra. |
| 260 |
_aSanto Domingo : _bSuprema Corte de Justicia de la República Dominicana, _c2003. |
||
| 500 | _aIncluye índice. | ||
| 942 |
_2ddc _cLBS1 |
||
| 999 |
_c2890 _d2890 |
||